|
|
|
|
| LEADER |
00655nam a2200157Ia 4500 |
| 001 |
73779 |
| 008 |
170722s9999 xx 000 0 und d |
| 100 |
|
|
|a Somasekharan Nair, P.
|
| 245 |
|
|
|a Nikhandu Vinjanam /
|
| 260 |
|
|
|a Trivandrum :
|b Kerala Institute ,
|c 1982.
|
| 300 |
|
|
|a 80 p.
|c 20cms
|
| 490 |
|
|
|a Kerala Bhasha Institute Publication
|
| 942 |
|
|
|c GEN
|
| 999 |
|
|
|c 102803
|d 102803
|
| 952 |
|
|
|0 0
|1 0
|4 0
|6 P_4_32M2M21_9KR
|7 0
|8 LC1
|9 144652
|a LIB
|b LIB
|d 2017-08-12
|h LC1
|o P(4) 32M2-M2;1 9KR)
|p 192862
|r 2017-08-12
|v 7.00
|w 2017-08-12
|y GEN
|
| 952 |
|
|
|0 0
|1 0
|4 0
|6 P_4_32M2M21_9KR
|7 0
|8 LC1
|9 144653
|a LIB
|b LIB
|d 2017-08-12
|h LC1
|o P(4) 32M2-M2;1 9KR)
|p 192863
|r 2017-08-12
|v 7.00
|w 2017-08-12
|y GEN
|